| 000 | 00328cam a22001217a 4500 | ||
|---|---|---|---|
| 008 | 180718b1958 xxu||||| |||| 00| 0 eng d | ||
| 082 | _aXAx54 Ag15r | ||
| 100 | _aAgarwal, S.C. | ||
| 245 |
_aRecent developments in housing _cby S.C. Agarwal |
||
| 260 |
_aNew Delhi _bJain Book _c1958 |
||
| 300 | _a175p. | ||
| 650 | _aHousing - India | ||
| 999 |
_c357068 _d357068 |
||